[Event "GMA World Cup qual f"]
[Site "Moscow URS"]
[Date "1990.??.??"]
[Round "3"]
[White "Chandler, Murray Graham"]
[Black "Azmaiparashvili, Zurab"]
[Result "1/2-1/2"]
[WhiteElo "2585"]
[BlackElo "2610"]
[EventDate "1990.05.??"]
[PlyCount "91"]

1.e4 e5 2.Nf3 Nc6 3.Bb5 g6 4.O-O Bg7 5.c3 a6 6.Ba4 d6 7.d4 Bd7 8.Be3 Nf6 
9.Nbd2 O-O 10.h3 Qe8 11.Bxc6 Bxc6 12.dxe5 Nxe4 13.Nxe4 Bxe4 14.exd6 Rd8 
15.Nd2 Qc6 16.Nxe4 Qxe4 17.Qb1 Qxb1 18.Raxb1 cxd6 19.Rfd1 Rfe8 20.Rd2 Re6 
21.Rbd1 Bf8 22.c4 Rc8 23.b3 h5 24.Kf1 Rc6 25.Rd5 Be7 26.Ke2 Kf8 27.Kd3 f5 
28.g4 fxg4 29.hxg4 hxg4 30.Rg1 Rc8 31.Rxg4 Kf7 32.Rf4+ Kg8 33.Rf3 Rf8 34.
Rxf8+ Bxf8 35.b4 Kf7 36.b5 Re8 37.bxa6 bxa6 38.Ra5 Ra8 39.Ke4 Ke6 40.Rg5 
Rc8 41.c5 Kf6 42.cxd6 Re8+ 43.Kd5 Rd8 44.Kc4 Rxd6 45.Ra5 Rc6+ 46.Kd5 
1/2-1/2

[Event "GMA World Cup qual f"]
[Site "Moscow URS"]
[Date "1990.??.??"]
[Round "3"]
[White "Sokolov, Andrei"]
[Black "Portisch, Lajos"]
[Result "1/2-1/2"]
[WhiteElo "2585"]
[BlackElo "2605"]
[EventDate "1990.05.??"]
[PlyCount "68"]

1.e4 e6 2.d4 d5 3.Nc3 Bb4 4.e5 b6 5.a3 Bf8 6.Nf3 Ne7 7.h4 h5 8.Bg5 Ba6 9.
Bxa6 Nxa6 10.O-O Qd7 11.Qd3 Nb8 12.Ne2 Nbc6 13.c4 dxc4 14.Qxc4 Nd5 15.Rac1
Nce7 16.Bxe7 Bxe7 17.Nc3 O-O-O 18.Nxd5 exd5 19.Qa6+ Kb8 20.e6 Qc8 21.Qxc8+
Kxc8 22.exf7 Rhf8 23.Ne5 Bxh4 24.Ng6 Bf6 25.Nxf8 Rxf8 26.Rfd1 Rxf7 27.Rc3 
a5 28.a4 h4 29.Kf1 Kb7 30.Re3 Rf8 31.Ke2 Rh8 32.Rf3 Re8+ 33.Re3 Rh8 34.Rf3
Re8+ 1/2-1/2

[Event "GMA World Cup qual f"]
[Site "Moscow URS"]
[Date "1990.??.??"]
[Round "3"]
[White "Hulak, Krunoslav"]
[Black "Gulko, Boris"]
[Result "1-0"]
[WhiteElo "2560"]
[BlackElo "2610"]
[EventDate "1990.05.??"]
[PlyCount "129"]

1.d4 Nf6 2.c3 d5 3.Bf4 Bf5 4.Qb3 Qc8 5.e3 e6 6.Nf3 Bd6 7.Bb5+ Nbd7 8.Bxd6 
cxd6 9.O-O O-O 10.Rc1 a6 11.Bf1 Qc7 12.a4 Nb6 13.a5 Nc4 14.Qb4 b6 15.axb6 
Nxb6 16.Qa5 Qc6 17.b3 Bxb1 18.Raxb1 Ne4 19.Rc2 Nd7 20.Ne1 Rfb8 21.f3 Nef6 
22.Nd3 Rb5 23.Qa4 Qc7 24.Ra1 Rab8 25.Nc1 R5b6 26.Qa5 R8b7 27.Bd3 Nb8 28.b4
g6 29.Nb3 Kg7 30.Qa4 h5 31.Na5 Ra7 32.Qa3 Qe7 33.Qc1 Rc7 34.Qd2 Kg8 35.
Rcc1 Nbd7 36.Ra3 e5 37.Bf1 e4 38.f4 Qd8 39.Ra2 Qc8 40.Rac2 Qb8 41.h3 Kg7 
42.Qe1 Rc8 43.Qh4 Rh8 44.Be2 Qc7 45.f5 Kh6 46.fxg6 fxg6 47.Qg3 Rf8 48.Rb1 
Rfb8 49.Bd1 Rb5 50.Ra1 R5b6 51.h4 Rf8 52.c4 Rxb4 53.c5 Rb5 54.Rca2 Rfb8 
55.Kh2 Rb1 56.Be2 Kg7 57.c6 Nf8 58.Rxb1 Rxb1 59.Rc2 Qxa5 60.c7 Qa1 61.Qf2 
g5 62.c8=Q Rh1+ 63.Kg3 gxh4+ 64.Kf4 Ng6+ 65.Kf5 1-0

[Event "GMA World Cup qual f"]
[Site "Moscow URS"]
[Date "1990.??.??"]
[Round "3"]
[White "Spraggett, Kevin"]
[Black "Vaganian, Rafael"]
[Result "0-1"]
[WhiteElo "2555"]
[BlackElo "2605"]
[EventDate "1990.05.??"]
[PlyCount "80"]

1.c4 c5 2.g3 Nf6 3.Bg2 d5 4.cxd5 Nxd5 5.Nc3 Nc7 6.b3 e5 7.Bb2 Be7 8.Rc1 f6
9.Nh3 Be6 10.f4 Qc8 11.Nf2 exf4 12.gxf4 O-O 13.O-O Rd8 14.d3 Nc6 15.Na4 
Na6 16.Ne4 b6 17.Kh1 Kh8 18.Qe1 Nab4 19.Nac3 Nd4 20.Qg3 Qd7 21.Nd2 Rac8 
22.Qf2 Bf8 23.Nf3 Re8 24.Rcd1 Bg4 25.Rd2 Rcd8 26.Ne4 a5 27.Nxd4 cxd4 28.a3
Na6 29.Rc2 Nc5 30.b4 axb4 31.axb4 Na4 32.Ba1 Bxb4 33.Rb1 Bc3 34.Bxc3 dxc3 
35.Nxc3 Rc8 36.Rbc1 Nxc3 37.Rxc3 Rxc3 38.Rxc3 Rxe2 39.Qf1 Qe8 40.Be4 Rxe4 
0-1

[Event "GMA World Cup qual f"]
[Site "Moscow URS"]
[Date "1990.??.??"]
[Round "3"]
[White "Eingorn, Viacheslav"]
[Black "Tal, Mikhail"]
[Result "1/2-1/2"]
[WhiteElo "2570"]
[BlackElo "2585"]
[EventDate "1990.05.??"]
[PlyCount "75"]

1.d4 Nf6 2.Nf3 e6 3.c4 d5 4.Bg5 h6 5.Bxf6 Qxf6 6.Nc3 c6 7.e3 Nd7 8.a3 Qd8 
9.Bd3 Be7 10.O-O O-O 11.Qe2 dxc4 12.Bxc4 b5 13.Bd3 b4 14.axb4 Bxb4 15.Rfc1
Bb7 16.Ba6 Qb6 17.Bxb7 Qxb7 18.Qa6 Qb6 19.Qc4 Rfc8 20.Na4 Qb5 21.b3 Bd6 
22.h3 Rab8 23.Nc3 Qxb3 24.Qxb3 Rxb3 25.Rxa7 Nf6 26.Nd2 Rb4 27.Nce4 Nxe4 
28.Nxe4 Bb8 29.Rd7 e5 30.Ng3 exd4 31.Nf5 Kf8 32.exd4 Bf4 33.Re1 Re8 34.
Rxe8+ Kxe8 35.Re7+ Kf8 36.g3 g6 37.gxf4 gxf5 38.Rc7 1/2-1/2

[Event "GMA World Cup qual f"]
[Site "Moscow URS"]
[Date "1990.??.??"]
[Round "3"]
[White "Pigusov, Evgeny"]
[Black "Gavrikov, Viktor"]
[Result "1/2-1/2"]
[WhiteElo "2545"]
[BlackElo "2580"]
[EventDate "1990.05.??"]
[PlyCount "39"]

1.Nf3 g6 2.c4 Bg7 3.Nc3 Nf6 4.g3 d5 5.cxd5 Nxd5 6.Bg2 Nc6 7.O-O O-O 8.d4 
Nb6 9.d5 Na5 10.e4 c6 11.Bg5 h6 12.Bf4 cxd5 13.exd5 Nac4 14.Qe2 g5 15.Bc1 
e5 16.Nd2 Nd6 17.Nde4 Nxe4 18.Nxe4 f5 19.Nc3 Bd7 20.Be3 1/2-1/2

[Event "GMA World Cup qual f"]
[Site "Moscow URS"]
[Date "1990.??.??"]
[Round "3"]
[White "Polugaevsky, Lev"]
[Black "Malaniuk, Vladimir"]
[Result "0-1"]
[WhiteElo "2610"]
[BlackElo "2505"]
[EventDate "1990.05.??"]
[PlyCount "90"]

1.d4 f5 2.g3 Nf6 3.Bg2 d6 4.Nf3 g6 5.O-O Bg7 6.c4 O-O 7.Nc3 Qe8 8.b3 c6 9.
Ba3 h6 10.Qd3 g5 11.e4 fxe4 12.Nxe4 Qg6 13.Nxf6+ Qxf6 14.Rae1 Na6 15.d5 c5
16.Re3 Rf7 17.h4 Bf5 18.Qe2 Qg6 19.hxg5 hxg5 20.Re1 Re8 21.Bb2 Bxb2 22.
Qxb2 Nb4 23.R1e2 Nc2 24.Rc3 Nd4 25.Nxd4 cxd4 26.Rc1 d3 27.Re3 Qh5 28.Qd4 
Ref8 29.Rce1 Rh7 30.g4 Bxg4 31.Rxd3 Bf3 32.Rxf3 Rxf3 33.c5 Rf4 34.Qe3 dxc5
35.d6 exd6 36.Qe6+ Rhf7 37.Qxd6 Rxf2 38.Qb8+ Kg7 39.Qe5+ R7f6 40.Qe7+ Rf7 
41.Qe5+ R2f6 42.Rf1 Qg4 43.Rxf6 Rxf6 44.Qe7+ Rf7 45.Qxc5 Rd7 0-1

[Event "GMA World Cup qual f"]
[Site "Moscow URS"]
[Date "1990.??.??"]
[Round "3"]
[White "Seirawan, Yasser"]
[Black "Arnason, Jon"]
[Result "1/2-1/2"]
[WhiteElo "2595"]
[BlackElo "2500"]
[EventDate "1990.05.??"]
[PlyCount "140"]

1.c4 c5 2.g3 Nc6 3.Bg2 g6 4.Nc3 Bg7 5.a3 a5 6.Nf3 e5 7.O-O Nge7 8.Ne1 d6 
9.Nc2 Rb8 10.d3 Be6 11.Bg5 f6 12.Bd2 d5 13.cxd5 Nxd5 14.Nxd5 Bxd5 15.Bxd5 
Qxd5 16.b4 axb4 17.axb4 b5 18.Ne3 Qd6 19.bxc5 Qxc5 20.Rc1 Qd6 21.Rxc6 Qxc6
22.Qb3 Qd7 23.Rc1 Rc8 24.Ra1 Rc6 25.Nd5 Qb7 26.Be3 O-O 27.Ra7 Rc1+ 28.Kg2 
Rb1 29.Qxb1 Qxd5+ 30.f3 h5 31.Rc7 Rb8 32.Ba7 Ra8 33.e4 Qd6 34.Qb3+ Kh7 35.
Qf7 Qf8 36.Qd5 Qg8 37.Qxb5 Rc8 38.Rc4 Qd8 39.Qb3 Qd7 40.Be3 Rd8 41.d4 exd4
42.Rxd4 Qe7 43.Ra4 Rd7 44.Ra8 Rd8 45.Ra6 Rd7 46.Qa2 Rd3 47.Ra7 Rd7 48.Ra8 
Rd8 49.Ra3 Rd7 50.Ra4 Rd3 51.Kf2 Rd7 52.h4 Rd3 53.f4 Qb7 54.Qc2 Rd7 55.Rc4
Re7 56.Rc6 Qd7 57.Kg2 Qe8 58.Rc8 Qd7 59.Rc4 Qb7 60.Kf2 Re6 61.f5 gxf5 62.
Qe2 Rxe4 63.Qxh5+ Kg8 64.Rc1 Rxe3 65.Kxe3 Qb3+ 66.Kd4 Qb4+ 67.Kd3 Qe4+ 68.
Kd2 Qd4+ 69.Ke2 Qb2+ 70.Kd1 Qd4+ 1/2-1/2

[Event "GMA World Cup qual f"]
[Site "Moscow URS"]
[Date "1990.??.??"]
[Round "3"]
[White "King, Daniel John"]
[Black "Psakhis, Lev"]
[Result "0-1"]
[WhiteElo "2515"]
[BlackElo "2570"]
[EventDate "1990.05.??"]
[PlyCount "98"]

1.e4 c5 2.Nf3 e6 3.d4 cxd4 4.Nxd4 a6 5.Bd3 Nf6 6.O-O Qc7 7.Qe2 d6 8.f4 g6 
9.Kh1 Bg7 10.Nc3 O-O 11.Nf3 Nc6 12.Qf2 b5 13.Qh4 Bb7 14.f5 exf5 15.Bg5 
fxe4 16.Bxe4 Nxe4 17.Nxe4 f5 18.Nf6+ Bxf6 19.Bxf6 Ne5 20.Nxe5 dxe5 21.Rxf5
Qxc2 22.Rf2 Qd3 23.Be7 Rf4 24.Rxf4 exf4 25.Qxf4 Bxg2+ 26.Kg1 Bb7 27.Qe5 
Qh3 28.Qg3 Qe6 29.Re1 Qxa2 30.Qe5 Re8 31.Qd6 Qc4 32.Qg3 Qd4+ 33.Qe3 Qd5 
34.Qg3 Rc8 35.Re2 Qd4+ 36.Qe3 Qg4+ 37.Kf2 Qf5+ 38.Kg3 Re8 39.h3 Qd5 40.Kh2
b4 41.Kg3 a5 42.b3 Ba8 43.Rd2 Qf7 44.Rd8 Bd5 45.Bf6 Bc6 46.Rxe8+ Qxe8 47.
Be5 Qe6 48.Kh4 Bd7 49.Bd4 Qf5 0-1

[Event "GMA World Cup qual f"]
[Site "Moscow URS"]
[Date "1990.??.??"]
[Round "3"]
[White "Vladimirov, Evgeny"]
[Black "Makarichev, Sergei"]
[Result "1-0"]
[WhiteElo "2565"]
[BlackElo "2510"]
[EventDate "1990.05.??"]
[PlyCount "77"]

1.d4 Nf6 2.c4 e6 3.Nc3 Bb4 4.Qc2 O-O 5.Bg5 d6 6.e3 e5 7.Ne2 exd4 8.Nxd4 
Nbd7 9.Bd3 h6 10.Bh4 Nc5 11.O-O Nxd3 12.Qxd3 Bxc3 13.Qxc3 Bd7 14.f3 Re8 
15.Rfe1 Re5 16.e4 Rh5 17.Bg3 Nh7 18.Rad1 Qf6 19.Ne2 Bc6 20.Qd2 b6 21.b4 
Qd8 22.b5 Bb7 23.e5 Qc8 24.e6 fxe6 25.Nf4 Rf5 26.Nxe6 Nf8 27.Nd4 Rf7 28.
Re3 a6 29.a4 axb5 30.axb5 Qd7 31.Rde1 d5 32.cxd5 Bxd5 33.Qb4 Qd8 34.h3 Qf6
35.Re5 Rd8 36.Rf5 Qg6 37.Rxf7 Bxf7 38.Bxc7 Rd5 39.Nc6 1-0

[Event "GMA World Cup qual f"]
[Site "Moscow URS"]
[Date "1990.??.??"]
[Round "3"]
[White "Timoschenko, Gennady"]
[Black "Timoshenko, Georgy"]
[Result "1/2-1/2"]
[WhiteElo "2505"]
[BlackElo "2540"]
[EventDate "1990.05.??"]
[PlyCount "64"]

1.d4 Nf6 2.c4 e6 3.Nf3 b6 4.g3 Bb7 5.Bg2 Be7 6.Nc3 Ne4 7.Bd2 Bf6 8.O-O O-O
9.Rc1 c5 10.Be1 d5 11.cxd5 exd5 12.dxc5 Nxc5 13.Nd4 Nba6 14.Ndb5 Qe7 15.
Nxd5 Bxd5 16.Qxd5 Qxe2 17.Qc4 Rae8 18.b4 Qxc4 19.Rxc4 Nd3 20.Bc3 Bxc3 21.
Rxc3 Ndxb4 22.a3 Re5 23.Nxa7 Nd5 24.Rc6 Nb8 25.Rd6 Nc3 26.Rxb6 Ra5 27.Rxb8
Rxa7 28.Rxf8+ Kxf8 29.Ra1 Ke7 30.Kf1 Kd6 31.Ke1 Kc5 32.Kd2 Rxa3 1/2-1/2

[Event "GMA World Cup qual f"]
[Site "Moscow URS"]
[Date "1990.??.??"]
[Round "3"]
[White "Tukmakov, Vladimir"]
[Black "Naumkin, Igor"]
[Result "1/2-1/2"]
[WhiteElo "2570"]
[BlackElo "2455"]
[EventDate "1990.05.??"]
[PlyCount "67"]

1.d4 Nf6 2.c4 e6 3.g3 d5 4.Bg2 Be7 5.Nf3 O-O 6.O-O dxc4 7.Nc3 Nc6 8.e3 Rb8
9.Qa4 Nb4 10.Qxa7 Bd7 11.Ne5 Nfd5 12.Qxb8 Qxb8 13.Nxd7 Qa7 14.Nxf8 Bxf8 
15.Nxd5 exd5 16.Bd2 c6 17.a3 Nd3 18.Bc3 b6 19.b3 Qd7 20.bxc4 dxc4 21.a4 h5
22.Rfb1 Qf5 23.Be1 c5 24.Rxb6 cxd4 25.exd4 c3 26.Rb5 Qf6 27.Be4 Nxe1 28.
Rxe1 Qxd4 29.Rb8 Qxa4 30.Bb1 c2 31.Bxc2 Qxc2 32.Ree8 Qd1+ 33.Kg2 Qd5+ 34.
Kg1 1/2-1/2

[Event "GMA World Cup qual f"]
[Site "Moscow URS"]
[Date "1990.??.??"]
[Round "4"]
[White "Nikolic, Predrag"]
[Black "Gurevich, Mikhail"]
[Result "1/2-1/2"]
[WhiteElo "2600"]
[BlackElo "2645"]
[EventDate "1990.05.??"]
[PlyCount "163"]

1.d4 f5 2.g3 Nf6 3.Bg2 d6 4.Nf3 g6 5.O-O Bg7 6.c4 O-O 7.d5 Na6 8.Nc3 Qe8 
9.Rb1 c5 10.dxc6 bxc6 11.b4 c5 12.bxc5 Nxc5 13.Ng5 Ba6 14.Bxa8 Qxa8 15.Nd5
Nxd5 16.cxd5 Bc4 17.Bb2 Qxd5 18.Qxd5+ Bxd5 19.Bxg7 Kxg7 20.Rb2 Rc8 21.Rc1 
Rc6 22.Nf3 Ra6 23.Nd4 Kf6 24.Kf1 h5 25.Ke1 h4 26.gxh4 Ra4 27.Rd2 Ne4 28.
Rdd1 Rxa2 29.Ra1 a6 30.Rxa2 Bxa2 31.Ra1 Bc4 32.Ra4 d5 33.Rb4 a5 34.Rb6+ 
Nd6 35.Nc6 a4 36.Na5 Kg7 37.Nxc4 Nxc4 38.Re6 Kf7 39.Ra6 a3 40.Kd1 f4 41.
Kc2 e6 42.Kc3 Kf6 43.Kd4 Kf5 44.f3 Kf6 45.Kc5 Ne3 46.Rxa3 Nf5 47.h5 gxh5 
48.Ra8 Kg5 49.Re8 Kf6 50.Rh8 Kg5 51.Kc6 Kh4 52.Kc5 Kg5 53.Re8 Kf6 54.Rg8 
h4 55.Rg4 Ke5 56.Rg6 Nd4 57.Rg5+ Nf5 58.Rg6 Nd4 59.Rg5+ Nf5 60.Rg4 Nd4 61.
Rxh4 Nxe2 62.Rg4 Nd4 63.h4 Nxf3 64.h5 Nd2 65.h6 Ne4+ 66.Kb4 Nf6 67.Kc3 Kf5
68.Rg7 e5 69.h7 Nxh7 70.Rxh7 e4 71.Rh5+ Ke6 72.Kd4 f3 73.Rh8 Kf7 74.Rh6 
Ke7 75.Ra6 Kd7 76.Rb6 Ke7 77.Rb4 Ke6 78.Rb8 Ke7 79.Rc8 Kd7 80.Rf8 Ke7 81.
Rh8 Kd7 82.Ke3 1/2-1/2

[Event "GMA World Cup qual f"]
[Site "Moscow URS"]
[Date "1990.??.??"]
[Round "4"]
[White "Psakhis, Lev"]
[Black "Ivanchuk, Vasyl"]
[Result "1/2-1/2"]
[WhiteElo "2570"]
[BlackElo "2665"]
[EventDate "1990.05.??"]
[PlyCount "77"]

1.e4 c5 2.Nf3 Nc6 3.Nc3 d6 4.d4 cxd4 5.Nxd4 Nf6 6.Bg5 e6 7.Qd2 a6 8.O-O-O 
h6 9.Bf4 Bd7 10.Nxc6 Bxc6 11.Qe1 Qc7 12.h4 Be7 13.e5 dxe5 14.Bxe5 Qb6 15.
f3 O-O 16.Bd3 Rfd8 17.Kb1 Nd7 18.Bd4 Nc5 19.Be2 Rxd4 20.Rxd4 Bf6 21.Rc4 
Bd5 22.Rf4 Be5 23.Rg4 Rc8 24.Bc4 Ne4 25.Rxe4 Bxe4 26.Qxe4 Bxc3 27.Bb3 Bf6 
28.Rd1 Rc5 29.a3 Rb5 30.Ka2 h5 31.Rd7 a5 32.g4 hxg4 33.fxg4 Bxh4 34.Qf4 
Bf6 35.a4 Rb4 36.Qb8+ Kh7 37.Qh2+ Kg8 38.Qb8+ Kh7 39.Qh2+ 1/2-1/2

[Event "GMA World Cup qual f"]
[Site "Moscow URS"]
[Date "1990.??.??"]
[Round "4"]
[White "Dorfman, Josif"]
[Black "Dolmatov, Sergei"]
[Result "1/2-1/2"]
[WhiteElo "2595"]
[BlackElo "2620"]
[EventDate "1990.05.??"]
[PlyCount "53"]

1.Nf3 f5 2.g3 Nf6 3.Bg2 d6 4.d4 g6 5.c4 Bg7 6.O-O O-O 7.d5 c6 8.Nc3 e5 9.
dxe6 Bxe6 10.b3 Na6 11.Bb2 Qe7 12.Ng5 Bd7 13.Qd2 Rad8 14.Rad1 Bc8 15.Rfe1 
h6 16.Nf3 Kh7 17.Qc2 Nc5 18.e3 Rfe8 19.Nd4 Nce4 20.h3 a6 21.Nde2 h5 22.Nf4
h4 23.gxh4 Nh5 24.Nxh5 gxh5 25.Nxe4 fxe4 26.Bxg7 Kxg7 27.Rd4 1/2-1/2

[Event "GMA World Cup qual f"]
[Site "Moscow URS"]
[Date "1990.??.??"]
[Round "4"]
[White "Azmaiparashvili, Zurab"]
[Black "Sokolov, Andrei"]
[Result "1/2-1/2"]
[WhiteElo "2610"]
[BlackElo "2585"]
[EventDate "1990.05.??"]
[PlyCount "112"]

1.d4 Nf6 2.c4 e6 3.Nc3 Bb4 4.f3 d5 5.a3 Bxc3+ 6.bxc3 c5 7.cxd5 Nxd5 8.dxc5
Qa5 9.e4 Ne7 10.Be3 O-O 11.Qb3 Qc7 12.a4 Nec6 13.f4 Na5 14.Qa3 b6 15.Nf3 
Nd7 16.cxb6 axb6 17.Nd2 Bb7 18.Be2 Rfc8 19.O-O Qxc3 20.Bb5 Qxa3 21.Rxa3 
Bc6 22.Rb1 h6 23.Rd3 Bxb5 24.axb5 Ra7 25.Ra1 Rac7 26.Kf2 Nc5 27.Rda3 Nc4 
28.Bxc5 Nxd2 29.Bxb6 Rc2 30.Kg1 Nxe4 31.Be3 Rb2 32.Ra4 Nc3 33.Ra8 Rxa8 34.
Rxa8+ Kh7 35.b6 Rb1+ 36.Kf2 Nd1+ 37.Ke2 Nxe3 38.Kxe3 Rxb6 39.Ra5 Rb3+ 40.
Kf2 Rb2+ 41.Kf3 Rb3+ 42.Kf2 Rb2+ 43.Kf3 Kg6 44.h4 Rb3+ 45.Kf2 h5 46.Rg5+ 
Kh6 47.Ra5 Rd3 48.f5 Rd5 49.Rxd5 exd5 50.Ke3 g5 51.fxg6 Kxg6 52.Kd4 Kf5 
53.Kxd5 Kf4 54.Kd6 Kg3 55.Ke5 Kxg2 56.Kf5 Kg3 1/2-1/2

[Event "GMA World Cup qual f"]
[Site "Moscow URS"]
[Date "1990.??.??"]
[Round "4"]
[White "Vaganian, Rafael"]
[Black "Eingorn, Viacheslav"]
[Result "1/2-1/2"]
[WhiteElo "2605"]
[BlackElo "2570"]
[EventDate "1990.05.??"]
[PlyCount "57"]

1.d4 e6 2.c4 Bb4+ 3.Bd2 a5 4.Qa4 Bxd2+ 5.Nxd2 Ne7 6.Ngf3 O-O 7.c5 d6 8.
cxd6 cxd6 9.e3 Bd7 10.Bb5 Qe8 11.Bxd7 Qxd7 12.Qxd7 Nxd7 13.Rc1 Rfc8 14.Ke2
d5 15.Rc3 Kf8 16.Rhc1 Rxc3 17.bxc3 b5 18.Rb1 Rb8 19.Ne1 Nf5 20.Nd3 Nd6 21.
Nc5 Ke7 22.Ndb3 Ra8 23.f3 Nc4 24.Nxd7 Kxd7 25.e4 Kc6 26.Kd3 h5 27.h4 Rh8 
28.Nd2 Nxd2 29.Kxd2 1/2-1/2

[Event "GMA World Cup qual f"]
[Site "Moscow URS"]
[Date "1990.??.??"]
[Round "4"]
[White "Sax, Gyula"]
[Black "Hulak, Krunoslav"]
[Result "1-0"]
[WhiteElo "2605"]
[BlackElo "2560"]
[EventDate "1990.05.??"]
[PlyCount "85"]

1.e4 c5 2.Nf3 d6 3.d4 cxd4 4.Nxd4 Nf6 5.Nc3 a6 6.f4 Nbd7 7.Nf3 e5 8.a4 d5 
9.Nxd5 Nxe4 10.Be3 Bc5 11.Qd3 f5 12.fxe5 Bxe3 13.Nxe3 Qa5+ 14.c3 Nxe5 15.
Qd4 Nxf3+ 16.gxf3 Nf6 17.Nc4 Qd5 18.O-O-O Qxd4 19.Rxd4 Be6 20.Nd6+ Kf8 21.
Nxb7 Bd5 22.Nc5 Bxf3 23.Rg1 g6 24.Bc4 Kg7 25.Ne6+ Kh6 26.Ng5 Be4 27.Nf7+ 
Kg7 28.Nxh8 Kxh8 29.Rd6 Ng4 30.h3 Ne3 31.Bxa6 f4 32.Re1 Bf5 33.h4 h5 34.
Bb5 Kg7 35.Rd4 Nc2 36.Re7+ Kf6 37.Ree4 Bxe4 38.Rxe4 Ne3 39.Rxf4+ Nf5 40.
Bd3 Ke5 41.Re4+ Kd5 42.Rb4 Rf8 43.a5 1-0

[Event "GMA World Cup qual f"]
[Site "Moscow URS"]
[Date "1990.??.??"]
[Round "4"]
[White "Nogueiras Santiago, Jesus"]
[Black "Polugaevsky, Lev"]
[Result "1-0"]
[WhiteElo "2555"]
[BlackElo "2610"]
[EventDate "1990.05.??"]
[PlyCount "65"]

1.d4 Nf6 2.Nf3 e6 3.g3 b5 4.Bg2 Bb7 5.Bg5 Be7 6.O-O d6 7.Nbd2 Nbd7 8.c4 
bxc4 9.Nxc4 h6 10.Bxf6 Bxf6 11.Rc1 O-O 12.Na5 Be4 13.Nc6 Qe8 14.Ne1 Bxg2 
15.Nxg2 Nb8 16.Na5 Qb5 17.Nb3 a5 18.e3 a4 19.Nd2 Qxb2 20.Rxc7 Qxa2 21.Nf4 
Na6 22.Rc4 d5 23.Rxa4 Qb2 24.Ra1 Qb7 25.Qe2 Nb4 26.Rxa8 Rxa8 27.Rb1 Ra2 
28.Qd1 Be7 29.Nf3 Qc7 30.Rc1 Rc2 31.Ra1 Bd6 32.Ra8+ Kh7 33.Ng5+ 1-0

[Event "GMA World Cup qual f"]
[Site "Moscow URS"]
[Date "1990.??.??"]
[Round "4"]
[White "Gulko, Boris"]
[Black "Pigusov, Evgeny"]
[Result "1/2-1/2"]
[WhiteElo "2610"]
[BlackElo "2545"]
[EventDate "1990.05.??"]
[PlyCount "172"]

1.d4 Nf6 2.c4 e6 3.Nf3 d5 4.g3 Be7 5.Bg2 O-O 6.O-O dxc4 7.Qc2 a6 8.a4 Bd7 
9.Qxc4 Bc6 10.Bg5 Bd5 11.Qd3 c5 12.dxc5 Nbd7 13.Nc3 Nxc5 14.Qe3 Qa5 15.
Nxd5 Nxd5 16.Qa3 Bxg5 17.Nxg5 h6 18.Rfc1 Nd7 19.Ne4 b5 20.b4 Qxa4 21.Qxa4 
bxa4 22.Nc5 N7b6 23.Bxd5 exd5 24.Nxa4 Nxa4 25.Rxa4 Rab8 26.Rc5 Rfd8 27.Kf1
Rd6 28.Ke1 Rdb6 29.Rxd5 Rxb4 30.Rxa6 Rb1+ 31.Rd1 h5 32.Rxb1 Rxb1+ 33.Kd2 
g6 34.h4 Kg7 35.e4 Rb3 36.Rc6 Ra3 37.Rc3 Ra2+ 38.Ke3 Kf6 39.f3 Ra6 40.Kf4 
Ra4 41.g4 hxg4 42.Kxg4 Ra1 43.Rc5 Rg1+ 44.Kf4 Rh1 45.Kg3 Ke6 46.Rc2 Ke5 
47.Rh2 Rg1+ 48.Rg2 Rh1 49.Kg4 Kf6 50.Rg3 Rh2 51.Rh3 Rg2+ 52.Kf4 Rg1 53.h5 
gxh5 54.Rxh5 Ra1 55.e5+ Kg7 56.Rg5+ Kf8 57.Rf5 Kg7 58.Rf6 Rf1 59.Ke4 Ra1 
60.f4 Ra4+ 61.Kf5 Ra1 62.Rb6 Re1 63.Rb7 Re2 64.Re7 Ra2 65.Kg4 Kf8 66.Rb7 
Re2 67.Rb5 Kg7 68.f5 Re1 69.Kf4 Rf1+ 70.Ke4 Re1+ 71.Kd5 Rd1+ 72.Kc6 Rf1 
73.f6+ Kg6 74.Kd7 Rd1+ 75.Ke7 Re1 76.Ra5 Re2 77.Rd5 Re1 78.Kd6 Ra1 79.Rd2 
Ra6+ 80.Kd5 Ra5+ 81.Ke4 Ra4+ 82.Rd4 Ra1 83.Rd8 Re1+ 84.Kf4 Rf1+ 85.Kg4 
Rg1+ 86.Kf3 Re1 1/2-1/2

[Event "GMA World Cup qual f"]
[Site "Moscow URS"]
[Date "1990.??.??"]
[Round "4"]
[White "Akopian, Vladimir"]
[Black "Miles, Anthony John"]
[Result "1/2-1/2"]
[WhiteElo "2550"]
[BlackElo "2580"]
[EventDate "1990.05.??"]
[PlyCount "99"]

1.e4 Nc6 2.d4 e5 3.dxe5 Nxe5 4.Nc3 Bc5 5.f4 Nc6 6.Bc4 d6 7.Nf3 Be6 8.Bxe6 
fxe6 9.Na4 Bb6 10.Nxb6 axb6 11.O-O Nf6 12.Ng5 Qe7 13.e5 dxe5 14.fxe5 Nxe5 
15.Qe2 Ra5 16.b4 Qxb4 17.Nxe6 Qe7 18.Nxg7+ Qxg7 19.Bd2 Rd5 20.c4 Rxd2 21.
Qxe5+ Kd8 22.Qxf6+ Qxf6 23.Rxf6 Re8 24.a4 Ree2 25.Rf8+ Ke7 26.Rg8 Kd6 27.
Rg7 c6 28.Kh1 Ra2 29.Rg1 h5 30.Rg6+ Kc5 31.Rg5+ Kxc4 32.Rxh5 b5 33.axb5 
cxb5 34.g4 b4 35.g5 b3 36.g6 b2 37.g7 Rg2 38.Rh4+ Kc5 39.Kxg2 b1=Q+ 40.Kh1
Qd3 41.Rh5+ Kb6 42.Rh6+ Ka5 43.g8=Q Qe4+ 44.Qg2 Rxg2 45.Rxg2 b5 46.Rg6 b4 
47.Rg3 Ka4 48.h3 Qd5 49.Re3 b3 50.Re2 1/2-1/2

[Event "GMA World Cup qual f"]
[Site "Moscow URS"]
[Date "1990.??.??"]
[Round "4"]
[White "Malaniuk, Vladimir"]
[Black "Georgiev, Kiril"]
[Result "1/2-1/2"]
[WhiteElo "2505"]
[BlackElo "2605"]
[EventDate "1990.05.??"]
[PlyCount "60"]

1.d4 Nf6 2.c4 e6 3.Nc3 Bb4 4.f3 d5 5.a3 Bxc3+ 6.bxc3 c5 7.cxd5 Nxd5 8.dxc5
Qa5 9.e4 Ne7 10.Be3 O-O 11.Qb3 e5 12.Bc4 Qc7 13.a4 Nec6 14.Bd5 Na5 15.Qa3 
Na6 16.c4 Be6 17.Rc1 Rac8 18.Ne2 Nxc5 19.O-O b6 20.Rfd1 Rfd8 21.h3 Qe7 22.
Qa2 Qe8 23.Nc3 Ncb3 24.Rc2 Nxc4 25.Bxb6 axb6 26.Bxe6 fxe6 27.Qxb3 Ne3 28.
Rxd8 Rxd8 29.Re2 Rd3 30.Qb5 Qxb5 1/2-1/2

[Event "GMA World Cup qual f"]
[Site "Moscow URS"]
[Date "1990.??.??"]
[Round "4"]
[White "Gavrikov, Viktor"]
[Black "Hjartarson, Johann"]
[Result "0-1"]
[WhiteElo "2580"]
[BlackElo "2505"]
[EventDate "1990.05.??"]
[PlyCount "148"]

1.d4 Nf6 2.Nf3 e6 3.c4 b6 4.g3 Ba6 5.Qa4 Bb7 6.Bg2 c5 7.dxc5 Bxc5 8.O-O 
O-O 9.Nc3 Be7 10.Bf4 Na6 11.Rad1 Nc5 12.Qc2 Qc8 13.Rd4 d5 14.cxd5 exd5 15.
Rdd1 Nce4 16.Be5 Qf5 17.Qb3 Rfd8 18.Nb5 Bc5 19.Nbd4 Qd7 20.Bf4 h6 21.Qb5 
Qxb5 22.Nxb5 a6 23.Nbd4 Re8 24.Nb3 a5 25.Nbd4 Ba6 26.Bc1 Rad8 27.a3 Ng4 
28.h3 Ngxf2 29.Rxf2 Nxf2 30.Kxf2 Bxe2 31.Rd2 Bxf3 32.Kxf3 Re1 33.Ne2 Re8 
34.Rc2 R8xe2 35.Rxe2 Rxc1 36.Kg4 d4 37.Re8+ Kh7 38.Rd8 g6 39.b4 axb4 40.
axb4 Bxb4 41.Rxd4 Bc5 42.Rd7 Rc4+ 43.Kf3 Kg7 44.Bf1 Rc3+ 45.Bd3 b5 46.Kg2 
b4 47.Be4 b3 48.Rb7 h5 49.g4 h4 50.Bd5 Rc2+ 51.Kf3 Rf2+ 52.Ke4 b2 53.Kd3 
Kh6 54.Rb5 f6 55.Be4 Rh2 56.Kc4 Be3 57.Rb3 Bf4 58.Kd5 Re2 59.Bb1 Be5 60.
Ke6 Re1 61.Bc2 Kg5 62.Kd5 Rc1 63.Be4 Rg1 64.Kc4 Rg3 65.Bb1 Rxb3 66.Kxb3 
Kf4 67.Bxg6 Kg3 68.Bf5 b1=Q+ 69.Bxb1 Kxh3 70.Bf5 Kg3 71.Kc4 h3 72.Be4 Kf2 
73.Kd5 Bf4 74.Ke6 Bg5 0-1

[Event "GMA World Cup qual f"]
[Site "Moscow URS"]
[Date "1990.??.??"]
[Round "4"]
[White "Spraggett, Kevin"]
[Black "King, Daniel John"]
[Result "1-0"]
[WhiteElo "2555"]
[BlackElo "2515"]
[EventDate "1990.05.??"]
[PlyCount "61"]

1.c4 e5 2.Nc3 Nf6 3.g3 Bb4 4.Nf3 e4 5.Nd4 O-O 6.Bg2 Bxc3 7.dxc3 h6 8.Bf4 
d6 9.h3 Nbd7 10.Qd2 Ne5 11.b3 Ng6 12.Be3 a6 13.O-O Re8 14.f4 exf3 15.exf3 
b6 16.Rad1 Qd7 17.g4 Bb7 18.Nf5 Re5 19.f4 Ne4 20.Qc2 Ree8 21.Bd4 f6 22.
Rde1 c5 23.Bxe4 Bxe4 24.Rxe4 cxd4 25.Rxd4 Nf8 26.Qd3 b5 27.Nxd6 Re6 28.c5 
Rae8 29.Nxe8 Qxe8 30.Rd8 Qe7 31.Qd5 1-0

[Event "GMA World Cup qual f"]
[Site "Moscow URS"]
[Date "1990.??.??"]
[Round "4"]
[White "De Firmian, Nick"]
[Black "Timoschenko, Gennady"]
[Result "1-0"]
[WhiteElo "2565"]
[BlackElo "2505"]
[EventDate "1990.05.??"]
[PlyCount "105"]

1.e4 e5 2.Nf3 Nc6 3.Bb5 a6 4.Ba4 Nf6 5.O-O Be7 6.Re1 b5 7.Bb3 O-O 8.c3 d6 
9.h3 Bb7 10.d4 Re8 11.Ng5 Rf8 12.Nf3 Re8 13.Nbd2 Bf8 14.a4 h6 15.Bc2 exd4 
16.cxd4 Nb4 17.Bb1 c5 18.d5 Nd7 19.Ra3 c4 20.Nd4 Qf6 21.N2f3 Nc5 22.axb5 
axb5 23.Ree3 Rxa3 24.bxa3 Nbd3 25.Bxd3 cxd3 26.Qe1 Qf4 27.g3 Qf6 28.Bd2 
Bc8 29.Kg2 Qg6 30.Nh4 Qf6 31.Nhf3 Qg6 32.Nh4 Qf6 33.Bc3 d2 34.Qxd2 Rxe4 
35.Ne6 Qe7 36.Nf5 Qa7 37.Nexg7 Bxg7 38.Nxg7 Nb3 39.Qd3 Rxe3 40.Qxe3 Qxe3 
41.fxe3 Nd2 42.Bxd2 Kxg7 43.g4 f5 44.Kf3 h5 45.gxf5 Bxf5 46.Bb4 Bxh3 47.
Bxd6 Bf1 48.Be7 Kf7 49.Bh4 Ke8 50.e4 Bc4 51.Ke3 Bb3 52.Kd4 Bc2 53.e5 1-0

[Event "GMA World Cup qual f"]
[Site "Moscow URS"]
[Date "1990.??.??"]
[Round "4"]
[White "Arnason, Jon"]
[Black "Tukmakov, Vladimir"]
[Result "1-0"]
[WhiteElo "2500"]
[BlackElo "2570"]
[EventDate "1990.05.??"]
[PlyCount "75"]

1.e4 c5 2.Nf3 d6 3.d4 cxd4 4.Nxd4 Nf6 5.Nc3 Nc6 6.Bg5 e6 7.Qd2 a6 8.O-O-O 
Bd7 9.f4 b5 10.Bxf6 gxf6 11.Kb1 Qb6 12.Nce2 Na5 13.b3 Nb7 14.g3 Nc5 15.Bg2
Rc8 16.Qe3 Qc7 17.Rd2 Be7 18.Rc1 O-O 19.g4 Kh8 20.Ng3 Rg8 21.Bf3 Be8 22.
Nh5 Nd7 23.h4 Qc5 24.Rd3 Nb6 25.c3 a5 26.Rc2 a4 27.b4 Qc7 28.g5 Nc4 29.Qc1
fxg5 30.hxg5 e5 31.Rh2 exd4 32.Nf6 Kg7 33.Rxh7+ Kf8 34.Qh1 Bxf6 35.gxf6 
Bc6 36.Rh8 Na3+ 37.Kb2 Nc4+ 38.Ka1 1-0